00578nam a2200217Ia 4500008004100000020001800041050001500059050001800074100002300092245001700115245003600132245003900168260001500207260001700222260000900239300001600248300002000264300001100284500004900295650001600344180523s9999 xx 000 0 und d a0-07-124874-9 aMAIN HD 31 b.B38 2004 c.3 aBateman, Thomas S. 0aManagement : 4bthe new competitive landscape / 0cThomas S. Bateman, Scott A. Snell. aNew York : bMcGraw-Hill, c2004 a585 pages : billustrations ; c26 cm. aIncludes bibliographic references and index. aManagement.